О проблеме отбора видеоподкастов, используемых при формировании межкультурной компетенции будущих лингвистов-переводчиков; Филологические науки. Вопросы теории и практики; № 7-2 (37)
| Parent link: | Филологические науки. Вопросы теории и практики.— , 2008- № 7-2 (37).— 2014.— [С. 204-206] |
|---|---|
| 1. Verfasser: | |
| Körperschaft: | |
| Zusammenfassung: | Заглавие с экрана В статье рассматривается проблема отбора видеоподкастов для формирования межкультурной компетенции будущих лингвистов-переводчиков на занятиях по иностранному языку. Предлагаются классификации видеоподкастов, обсуждаются критерии и принципы их отбора для обозначенной цели, приводятся примеры отобранных автором немецкоязычных подкастов. The article considers the problem of choice of video podcasts for the development of cross-cultural competence of the future linguists-translators in foreign language classes. The author introduces the classifications of video podcasts, discusses the criteria and principles for their choice for the indicated purpose, provides the examples of German-language podcasts chosen by the author. Режим доступа: по договору с организацией-держателем ресурса |
| Sprache: | Russisch |
| Veröffentlicht: |
2014
|
| Schriftenreihe: | Педагогические науки |
| Schlagworte: | |
| Online-Zugang: | http://elibrary.ru/item.asp?id=21587927 http://www.gramota.net/materials/2/2014/7-2/58.html |
| Format: | MixedMaterials Elektronisch Buchkapitel |
| KOHA link: | https://koha.lib.tpu.ru/cgi-bin/koha/opac-detail.pl?biblionumber=642273 |
MARC
| LEADER | 00000nla0a2200000 4500 | ||
|---|---|---|---|
| 001 | 642273 | ||
| 005 | 20250128135242.0 | ||
| 035 | |a (RuTPU)RU\TPU\network\7212 | ||
| 090 | |a 642273 | ||
| 100 | |a 20150618d2014 k||y0rusy50 ca | ||
| 101 | 0 | |a rus | |
| 102 | |a RU | ||
| 135 | |a drcn ---uucaa | ||
| 181 | 0 | |a i | |
| 182 | 0 | |a b | |
| 200 | 1 | |a О проблеме отбора видеоподкастов, используемых при формировании межкультурной компетенции будущих лингвистов-переводчиков |d On the problem of choice of video podcasts used while developing the cross-cultural competence of the future linguists-translators |f О. В. Халтурина | |
| 203 | |a Текст |c электронный | ||
| 225 | 1 | |a Педагогические науки | |
| 300 | |a Заглавие с экрана | ||
| 320 | |a [Библиогр.: с. 206 (7 назв.)] | ||
| 330 | |a В статье рассматривается проблема отбора видеоподкастов для формирования межкультурной компетенции будущих лингвистов-переводчиков на занятиях по иностранному языку. Предлагаются классификации видеоподкастов, обсуждаются критерии и принципы их отбора для обозначенной цели, приводятся примеры отобранных автором немецкоязычных подкастов. | ||
| 330 | |a The article considers the problem of choice of video podcasts for the development of cross-cultural competence of the future linguists-translators in foreign language classes. The author introduces the classifications of video podcasts, discusses the criteria and principles for their choice for the indicated purpose, provides the examples of German-language podcasts chosen by the author. | ||
| 333 | |a Режим доступа: по договору с организацией-держателем ресурса | ||
| 461 | |t Филологические науки. Вопросы теории и практики |d 2008- | ||
| 463 | |t № 7-2 (37) |v [С. 204-206] |d 2014 | ||
| 510 | 1 | |a On the problem of choice of video podcasts used while developing the cross-cultural competence of the future linguists-translators |z eng | |
| 610 | 1 | |a труды учёных ТПУ | |
| 610 | 1 | |a электронный ресурс | |
| 610 | 1 | |a иностранный язык | |
| 610 | 1 | |a обучение | |
| 610 | 1 | |a интерактивные коммуникации | |
| 610 | 1 | |a лингвисты | |
| 610 | 1 | |a переводчики | |
| 610 | 1 | |a студенты | |
| 610 | 1 | |a аутентичные материалы | |
| 700 | 1 | |a Халтурина |b О. В. |c лингвист |c стариший преподаватель Томского политехнического университета |f 1983- |g Ольга Владимировна |3 (RuTPU)RU\TPU\pers\29354 | |
| 712 | 0 | 2 | |a Национальный исследовательский Томский политехнический университет (ТПУ) |b Институт международного образования и языковой коммуникации (ИМОЯК) |3 (RuTPU)RU\TPU\col\17810 |
| 801 | 1 | |a RU |b 63413507 |c 20120619 | |
| 801 | 2 | |a RU |b 63413507 |c 20160229 |g RCR | |
| 856 | 4 | 0 | |u http://elibrary.ru/item.asp?id=21587927 |
| 856 | 4 | 0 | |u http://www.gramota.net/materials/2/2014/7-2/58.html |
| 942 | |c CF | ||